| 000 | 00755nam a2200181Ia 4500 | ||
|---|---|---|---|
| 008 | 090630s9999 xx 000 0 und d | ||
| 082 | _b16032 | ||
| 100 | _aराजपूत रघुवीरसिंह. | ||
| 245 |
_aमहात्मा ज्योतिराव फुले. _cराजपूत रघुवीरसिंह. |
||
| 260 | _bलोकसाहित्य. | ||
| 300 | _a32 | ||
| 600 | _aराजपूत रघुवीरसिंह. | ||
| 630 | _aमहात्मा ज्योतिराव फुले. | ||
| 655 | _aबालवाङमय. | ||
| 700 | _aराजपूत रघुवीरसिंह. | ||
| 730 | _aमहात्मा ज्योतिराव फुले. | ||
| 942 | _cBOOK | ||
| 999 |
_c267888 _d267888 |
||